LIBRARY & INFORMATION CENTRE, KCAET, TAVANUR

ONLINE PUBLIC ACCESS CATALOGUE (OPAC)

Improvement of purification system for roof water harvesting (Record no. 15011)

MARC details
000 -LEADER
fixed length control field 00655nam a22001817a 4500
003 - CONTROL NUMBER IDENTIFIER
control field OSt
088 ## - REPORT NUMBER
Report number T 322
100 ## - MAIN ENTRY--AUTHOR NAME
Personal name SWATHA V. S
245 ## - TITLE STATEMENT
Title Improvement of purification system for roof water harvesting
260 ## - PUBLICATION, DISTRIBUTION, ETC. (IMPRINT)
Place of publication Tavanur 2015
Name of publisher DEPARTMENT OF LAND &WATER RESOURCES AND CONSERVATION ENGINEERING
300 ## - PHYSICAL DESCRIPTION
Number of Pages 90
500 ## - GENERAL NOTE
General note Improvement of purification system for roof water harvesting
520 ## - SUMMARY, ETC.
Summary, etc Improvement of purification system for roof water harvesting
700 ## - ADDED ENTRY--PERSONAL NAME
Personal name Dr. Sathian K. K (Guide)
856 ## - ELECTRONIC LOCATION AND ACCESS
Uniform Resource Identifier https://drive.google.com/open?id=1gOnTuqhzXRFKzLulM6DBulAu5Nr7GeIB
942 ## - ADDED ENTRY ELEMENTS (KOHA)
Koha item type Theses
Holdings
Collection code Home library Current library Shelving location Full call number Accession Number Koha item type Public note
Reference KAUAET KAUAET Reference 631.75 807 SWA/IM T 322 Theses PhD Thesis
free website counter